Statistics for United Arab Emirates Division Flags

Click here to take the quiz!

General Stats

  • This quiz has been taken 27 times
  • The average score is 4 of 5

Answer Stats

Answer% Correct
Ajman / Dubai
100%
Abu Dhabi
90%
Fujairah
70%
Sharjah / Ras Al Khaimah
70%
Umm Al Quwain
70%

Score Distribution

Percentile by Number Answered

Percent of People with Each Score

Your Score History

You have not taken this quiz